[Event "AUT-chT2M 2223"]
[Site "Austria"]
[Date "2023.04.15"]
[Round "11.6"]
[White "Wiesinger, Robert"]
[Black "Ebner, Hubert"]
[Result "1/2-1/2"]
[WhiteElo "2187"]
[BlackElo "2193"]
[PlyCount "60"]
[EventDate "2022.09.30"]
[EventType "team-tourn"]
[EventRounds "11"]
[EventCountry "AUT"]
[SourceTitle "EXT 2024"]
[Source "ChessBase"]
[SourceDate "2023.10.10"]
[SourceVersion "1"]
[SourceVersionDate "2023.10.10"]
[SourceQuality "1"]
[WhiteTeam "Steyregg"]
[BlackTeam "Frauental"]
[WhiteTeamCountry "AUT"]
[BlackTeamCountry "AUT"]

1. e4 c5 2. Nf3 d6 3. d4 cxd4 4. Nxd4 Nf6 5. Nc3 g6 6. Be3 Bg7 7. f3 0-0 8. Qd2 Nc6 9. 0-0-0 d5 10. Qe1 e5 11. Nxc6 bxc6 12. exd5 Nxd5 13. Bc4 Be6 14. Ne4 Qc7 15. Bc5 Rfd8 16. Qh4 h6 17. g4 Nf4 18. Bxe6 Nxe6 19. Be3 Nf4 20. Qf2 Rd5 21. h4 f5 22. gxf5 gxf5 23. Nc3 Rxd1+ 24. Rxd1 Qf7 25. Qd2 Ne6 26. Bxh6 Rd8 27. Qg2 Rxd1+ 28. Nxd1 Kh7 29. Bxg7 Nxg7 30. Ne3 Qxa2 1/2-1/2

[Event "AUT-chT2M 2122"]
[Site "Austria"]
[Date "2021.10.23"]
[Round "5.4"]
[White "Kravanja, Georg"]
[Black "Ebner, Hubert"]
[Result "1-0"]
[WhiteElo "2199"]
[BlackElo "2204"]
[PlyCount "77"]
[EventDate "2021.10.01"]
[EventType "team-tourn"]
[EventRounds "11"]
[EventCountry "AUT"]
[SourceTitle "EXT 2023"]
[Source "ChessBase"]
[SourceDate "2022.10.05"]
[SourceVersion "1"]
[SourceVersionDate "2022.10.05"]
[SourceQuality "1"]
[WhiteTeam "Graz Schachfreunde"]
[BlackTeam "Frauental"]
[WhiteTeamCountry "AUT"]
[BlackTeamCountry "AUT"]

1. d4 Nf6 2. c4 g6 3. Nc3 Bg7 4. e4 d6 5. Be2 0-0 6. Bg5 c5 7. d5 h6 8. Be3 e6 9. h3 exd5 10. exd5 Re8 11. Nf3 Bf5 12. 0-0 Ne4 13. Nxe4 Bxe4 14. Bd3 Bxf3 15. Qxf3 Nd7 16. Qd1 b6 17. Rb1 h5 18. Bc2 f5 19. Ba4 Re4 20. Bxd7 Qxd7 21. Qc2 Rae8 22. Rfe1 Bd4 23. Bd2 Re2 24. Rxe2 Rxe2 25. Rf1 Qe7 26. Qd1 Qe4 27. Be3 Rxb2 28. Bxd4 Qxd4 29. Qa4 b5 30. Qa6 bxc4 31. Qxd6 c3 32. Qxg6+ Qg7 33. Qxf5 c2 34. d6 Qd4 35. d7 Qd1 36. Qg6+ Kh8 37. Qf6+ Kh7 38. Qxb2 c1Q 39. Qxc1 1-0

[Event "AUT-chT2M 2122"]
[Site "Austria"]
[Date "2021.10.03"]
[Round "3.5"]
[White "Ebner, Hubert"]
[Black "Marakovits, Nico"]
[Result "1/2-1/2"]
[WhiteElo "2204"]
[BlackElo "2221"]
[PlyCount "55"]
[EventDate "2021.10.01"]
[EventType "team-tourn"]
[EventRounds "11"]
[EventCountry "AUT"]
[SourceTitle "CBM 204 Extra"]
[Source "ChessBase"]
[SourceDate "2021.11.30"]
[SourceVersion "1"]
[SourceVersionDate "2021.11.30"]
[SourceQuality "1"]
[WhiteTeam "Frauental"]
[BlackTeam "Fuerstenfeld/Hartberg"]
[WhiteTeamCountry "AUT"]
[BlackTeamCountry "AUT"]

1. d4 Nf6 2. c4 e6 3. g3 d5 4. Bg2 Be7 5. Nf3 0-0 6. 0-0 dxc4 7. Qa4 Qd5 8. Nc3 Qc6 9. Qc2 Qa6 10. e4 c5 11. d5 Nbd7 12. Bf4 Nh5 13. Be3 Nhf6 14. Bf4 Nh5 15. Be3 e5 16. a4 Nhf6 17. h3 Ne8 18. Nb5 Qg6 19. Nd2 a6 20. Na3 Nd6 21. Naxc4 b6 22. Nxd6 Bxd6 23. Nc4 Rb8 24. Rfc1 Bc7 25. Rd1 Bd6 26. Rdc1 Bc7 27. Rd1 Bd6 28. Rdc1 1/2-1/2

[Event "AUT-chT2M 1920"]
[Site "Austria"]
[Date "2020.01.11"]
[Round "8.5"]
[White "Danner, Georg"]
[Black "Ebner, Hubert"]
[Result "1/2-1/2"]
[WhiteElo "2310"]
[BlackElo "2210"]
[PlyCount "61"]
[EventDate "2019.10.11"]
[EventType "team-tourn"]
[EventRounds "11"]
[EventCountry "AUT"]
[SourceTitle "CBM 194 Extra"]
[Source "ChessBase"]
[SourceDate "2020.03.31"]
[SourceVersion "1"]
[SourceVersionDate "2020.03.31"]
[SourceQuality "1"]
[WhiteTeam "Pinggau Friedberg"]
[BlackTeam "Frauental"]
[WhiteTeamCountry "AUT"]
[BlackTeamCountry "AUT"]

1. d4 Nf6 2. c4 g6 3. Nc3 d5 4. Bg5 Ne4 5. Bh4 Nxc3 6. bxc3 dxc4 7. e3 Be6 8. Be2 Bg7 9. Nh3 0-0 10. Nf4 Bc8 11. Bxc4 Nc6 12. Qa4 Qd6 13. 0-0 Bd7 14. Qd1 e5 15. dxe5 Qxd1 16. Rfxd1 Nxe5 17. Be2 c6 18. Rab1 b6 19. Rd6 Rfe8 20. Rbd1 Bc8 21. Nh3 Be6 22. f4 Bc4 23. Bxc4 Nxc4 24. Rxc6 Nxe3 25. Rd7 Rac8 26. Re7 Nf5 27. Rxe8+ Rxe8 28. Bf2 h5 29. Ng5 Rd8 30. Kf1 Rd1+ 31. Ke2 1/2-1/2

[Event "AUT-chT2M 1819"]
[Site "Austria"]
[Date "2019.03.02"]
[Round "10.1"]
[White "Taggatz, Mario"]
[Black "Ebner, Hubert"]
[Result "1/2-1/2"]
[WhiteElo "2194"]
[BlackElo "2254"]
[PlyCount "60"]
[EventDate "2018.10.19"]
[EventType "team-tourn"]
[EventRounds "11"]
[EventCountry "AUT"]
[SourceTitle "CBM 189 Extra"]
[Source "ChessBase"]
[SourceDate "2019.06.03"]
[SourceVersion "1"]
[SourceVersionDate "2019.06.03"]
[SourceQuality "1"]
[WhiteTeam "Sauwald"]
[BlackTeam "Frauental"]
[WhiteTeamCountry "AUT"]
[BlackTeamCountry "AUT"]

1. d4 Nf6 2. Nf3 g6 3. Bg5 Bg7 4. Nbd2 0-0 5. c3 d5 6. e3 Nbd7 7. Be2 Re8 8. 0-0 e5 9. Nb3 c6 10. Rc1 Qb6 11. Bh4 a5 12. Qc2 exd4 13. cxd4 Ne4 14. Nbd2 Ndf6 15. Bxf6 Bxf6 16. Nxe4 Rxe4 17. Rb1 Re8 18. Bd3 a4 19. Rfc1 Bg4 20. Nd2 Be7 21. b4 axb3 22. Rxb3 Qa7 23. Rcb1 Bc8 24. Ra1 Qa4 25. Nb1 Ra7 26. Nc3 Qa5 27. Rab1 Bd6 28. Rc1 Ba3 29. Rcb1 Bd6 30. Rc1 Ba3 1/2-1/2

[Event "AUT-chT2M 1819"]
[Site "Austria"]
[Date "2019.01.19"]
[Round "7.4"]
[White "Rechberger, Franz"]
[Black "Ebner, Hubert"]
[Result "1/2-1/2"]
[WhiteElo "2105"]
[BlackElo "2254"]
[PlyCount "31"]
[EventDate "2018.10.19"]
[EventType "team-tourn"]
[EventRounds "11"]
[EventCountry "AUT"]
[SourceTitle "CBM 189 Extra"]
[Source "ChessBase"]
[SourceDate "2019.06.03"]
[SourceVersion "1"]
[SourceVersionDate "2019.06.03"]
[SourceQuality "1"]
[WhiteTeam "Freistadt/Wartberg"]
[BlackTeam "Frauental"]
[WhiteTeamCountry "AUT"]
[BlackTeamCountry "AUT"]

1. e4 c5 2. Nf3 Nc6 3. Bb5 g6 4. Bxc6 dxc6 5. 0-0 Bg7 6. d3 Nf6 7. Nbd2 0-0 8. Qe2 b6 9. Rb1 Ne8 10. Nc4 Nd6 11. b3 Nb5 12. Qe1 Nc3 13. Rb2 Nb5 14. Rb1 Nc3 15. Rb2 Nb5 16. Rb1 1/2-1/2

[Event "AUT-chT2M 1819"]
[Site "Austria"]
[Date "2018.11.25"]
[Round "5.4"]
[White "Ebner, Hubert"]
[Black "Kuba, Guenter"]
[Result "1/2-1/2"]
[WhiteElo "2254"]
[BlackElo "2333"]
[PlyCount "43"]
[EventDate "2018.10.19"]
[EventType "team-tourn"]
[EventRounds "11"]
[EventCountry "AUT"]
[SourceTitle "CBM 189 Extra"]
[Source "ChessBase"]
[SourceDate "2019.06.03"]
[SourceVersion "1"]
[SourceVersionDate "2019.06.03"]
[SourceQuality "1"]
[WhiteTeam "Frauental"]
[BlackTeam "Fuerstenfeld/Hartberg"]
[WhiteTeamCountry "AUT"]
[BlackTeamCountry "AUT"]

1. d4 d5 2. c4 Nc6 3. Nc3 Nf6 4. Nf3 dxc4 5. Bg5 h6 6. Bh4 Nd5 7. e4 Nxc3 8. bxc3 Qd6 9. Bxc4 e6 10. 0-0 Be7 11. Bg3 Qd8 12. Qe2 0-0 13. Rad1 Na5 14. Bd3 b6 15. Rfe1 Bb7 16. c4 Re8 17. h4 h5 18. Qe3 Rc8 19. Be5 Nc6 20. Bg3 Na5 21. Be5 Nc6 22. Bg3 1/2-1/2

[Event "St Veit op 37th"]
[Site "St Veit"]
[Date "2018.07.10"]
[Round "5"]
[White "Diermair, Andreas"]
[Black "Ebner, Hubert"]
[Result "1-0"]
[WhiteElo "2508"]
[BlackElo "2269"]
[PlyCount "58"]
[EventDate "2018.07.07"]
[EventType "swiss"]
[EventRounds "9"]
[EventCountry "AUT"]
[SourceTitle "EXT 2019"]
[Source "ChessBase"]
[SourceDate "2018.10.10"]
[SourceVersion "1"]
[SourceVersionDate "2018.10.10"]
[SourceQuality "1"]

1. c4 Nf6 2. Nc3 d5 3. cxd5 Nxd5 4. Nf3 Nxc3 5. bxc3 g6 6. h4 Bg7 7. h5 b6 8. hxg6 hxg6 9. Rxh8+ Bxh8 10. Qa4+ Nd7 11. Qe4 Ba6 12. d4 e6 13. Bg5 Bf6 14. e3 Bxf1 15. Kxf1 Rc8 16. Bxf6 Nxf6 17. Qb7 a5 18. Ne5 Kf8 19. Ke2 Kg7 20. Rh1 Ng8 21. g4 Rb8 22. Qf3 Qf6 23. Qh3 Rd8 24. Qh7+ Kf8 25. Rh3 Qg7 26. g5 Ne7 27. Qh8+ Qxh8 28. Rxh8+ Ng8 29. Rh7 Ne7 1-0

[Event "Steyr Landesliga 1718"]
[Site "Austria"]
[Date "2017.10.21"]
[Round "3.6"]
[White "Ebner, Hubert"]
[Black "Peinhopf, Max"]
[Result "1-0"]
[WhiteElo "2255"]
[BlackElo "2036"]
[PlyCount "97"]
[EventDate "2017.09.30"]
[EventType "team-tourn"]
[EventRounds "11"]
[EventCountry "AUT"]
[SourceTitle "CBM 181 Extra"]
[Source "ChessBase"]
[SourceDate "2017.12.12"]
[SourceVersion "1"]
[SourceVersionDate "2017.12.12"]
[SourceQuality "1"]
[WhiteTeam "Graz Austria"]
[BlackTeam "Ratten Krieglach"]
[WhiteTeamCountry "AUT"]
[BlackTeamCountry "AUT"]

1. Nf3 d5 2. c4 c6 3. d4 Nf6 4. Qc2 e6 5. g3 Bd6 6. Bg2 0-0 7. 0-0 Nbd7 8. Nc3 b6 9. e4 dxe4 10. Nxe4 Nxe4 11. Qxe4 Bb7 12. Bf4 Nf6 13. Qe3 Bxf4 14. Qxf4 Qe7 15. Rfd1 c5 16. Ne5 Bxg2 17. Kxg2 cxd4 18. Rxd4 Rfd8 19. Rad1 Rxd4 20. Rxd4 h6 21. h4 Rc8 22. g4 Rc7 23. a3 Nh7 24. b4 g5 25. Qe3 Kg7 26. h5 Nf6 27. Qd2 Nh7 28. Qe3 Nf6 29. Qd3 Nh7 30. Kh3 Nf8 31. Qd2 f6 32. Nf3 Rd7 33. Qd3 e5 34. Rxd7 Qxd7 35. Qe4 Kf7 36. c5 bxc5 37. bxc5 Ke6 38. Kg3 Qc7 39. c6 Kd6 40. Nd2 Qxc6 41. Qb4+ Kd5 42. Qxf8 Qc3+ 43. f3 Qe3 44. Qf7+ Kc6 45. Qc4+ Kd7 46. Nf1 Qg1+ 47. Kh3 Qh1+ 48. Nh2 Qe1 49. Qf7+ 1-0

[Event "AUT-chT2M 1617"]
[Site "Austria"]
[Date "2017.01.27"]
[Round "6.3"]
[White "Ebner, Hubert"]
[Black "Taggatz, Mario"]
[Result "1/2-1/2"]
[WhiteElo "2237"]
[BlackElo "2193"]
[PlyCount "62"]
[EventDate "2016.10.07"]
[EventType "team-tourn"]
[EventRounds "11"]
[EventCountry "AUT"]
[SourceTitle "CBM 177 Extra"]
[Source "ChessBase"]
[SourceDate "2017.04.27"]
[SourceVersion "1"]
[SourceVersionDate "2017.04.27"]
[SourceQuality "1"]
[WhiteTeam "Graz Austria"]
[BlackTeam "Sauwald"]
[WhiteTeamCountry "AUT"]
[BlackTeamCountry "AUT"]

1. Nf3 d5 2. c4 dxc4 3. e3 Be6 4. Ng5 Bd5 5. e4 h6 6. exd5 hxg5 7. Nc3 Nf6 8. Bxc4 Qd6 9. Nb5 Qe5+ 10. Qe2 Qxe2+ 11. Kxe2 Na6 12. d3 g4 13. Be3 Rh5 14. Nxa7 Nxd5 15. Bxa6 Nxe3 16. Bxb7 Rxa7 17. Bc6+ Kd8 18. Kxe3 e6 19. d4 Bd6 20. h3 Ra6 21. Be4 gxh3 22. Rxh3 Rxh3+ 23. gxh3 c5 24. dxc5 Bxc5+ 25. Ke2 Ke7 26. a3 Ra4 27. Bd3 Rf4 28. Rf1 Rh4 29. Rh1 Rf4 30. Rf1 Rh4 31. Rh1 Rf4 1/2-1/2

[Event "AUT-chT2M 1617"]
[Site "Austria"]
[Date "2016.11.13"]
[Round "5.5"]
[White "Toelly, Michael"]
[Black "Ebner, Hubert"]
[Result "1/2-1/2"]
[WhiteElo "2136"]
[BlackElo "2237"]
[PlyCount "63"]
[EventDate "2016.10.07"]
[EventType "team-tourn"]
[EventRounds "11"]
[EventCountry "AUT"]
[SourceTitle "CBM 175 Extra"]
[Source "ChessBase"]
[SourceDate "2016.12.12"]
[SourceVersion "1"]
[SourceVersionDate "2016.12.12"]
[SourceQuality "1"]
[WhiteTeam "Fuerstenfeld/Hartberg"]
[BlackTeam "Graz Austria"]
[WhiteTeamCountry "AUT"]
[BlackTeamCountry "AUT"]

1. e4 c5 2. Nf3 Nc6 3. d4 cxd4 4. Nxd4 g6 5. c4 Bg7 6. Be3 Nf6 7. Nc3 0-0 8. Be2 d6 9. 0-0 Bd7 10. f4 Nxd4 11. Bxd4 Bc6 12. Bf3 a5 13. c5 dxc5 14. Bxc5 Nd7 15. Be3 a4 16. Rc1 Qa5 17. Qe2 a3 18. e5 axb2 19. Qxb2 Nc5 20. Qe2 Na4 21. Nxa4 Qxa4 22. Bxc6 bxc6 23. Bc5 Rfe8 24. a3 e6 25. Rc4 Qb3 26. Rfc1 Bf8 27. Bxf8 Rxf8 28. Rxc6 Rxa3 29. h3 Ra2 30. R6c2 Rxc2 31. Rxc2 Qg3 32. Qf2 1/2-1/2

[Event "AUT-chT2M 1516"]
[Site "Austria"]
[Date "2016.04.15"]
[Round "9.3"]
[White "Moser, Guenter"]
[Black "Ebner, Hubert"]
[Result "1/2-1/2"]
[WhiteElo "2350"]
[BlackElo "2225"]
[PlyCount "60"]
[EventDate "2015.10.02"]
[EventType "team-tourn"]
[EventRounds "11"]
[EventCountry "AUT"]
[SourceTitle "EXT 2017"]
[Source "ChessBase"]
[SourceDate "2016.10.25"]
[SourceVersion "1"]
[SourceVersionDate "2016.10.25"]
[SourceQuality "1"]
[WhiteTeam "Ansfelden"]
[BlackTeam "Graz Austria"]
[WhiteTeamCountry "AUT"]
[BlackTeamCountry "AUT"]

1. d4 Nf6 2. c4 g6 3. Nc3 d5 4. Bf4 Bg7 5. e3 c5 6. dxc5 Qa5 7. Rc1 dxc4 8. Nf3 0-0 9. Bxc4 Qxc5 10. Bb3 Nc6 11. 0-0 Qa5 12. Qe2 Nh5 13. Nd5 Nxf4 14. Nxf4 Bg4 15. Nd3 Rad8 16. Rfd1 Qb6 17. h3 Bxf3 18. Qxf3 Rxd3 19. Rxd3 Ne5 20. Qe2 Nxd3 21. Qxd3 Rd8 22. Qc4 e6 23. Qe2 a5 24. g3 Qb4 25. Rc7 Be5 26. Rc2 Qd6 27. Kg2 Qb6 28. Qf3 Qb4 29. Rc4 Qb6 30. Rc2 Qb4 1/2-1/2

[Event "Steyr Landesliga 1516"]
[Site "Austria"]
[Date "2016.02.06"]
[Round "7.4"]
[White "Ebner, Hubert"]
[Black "Rohler, Siegfried"]
[Result "1-0"]
[WhiteElo "2225"]
[BlackElo "2169"]
[PlyCount "65"]
[EventDate "2015.09.26"]
[EventType "team-tourn"]
[EventRounds "11"]
[EventCountry "AUT"]
[SourceTitle "EXT 2017"]
[Source "ChessBase"]
[SourceDate "2016.10.25"]
[SourceVersion "1"]
[SourceVersionDate "2016.10.25"]
[SourceQuality "1"]
[WhiteTeam "Graz Austria"]
[BlackTeam "Graz Styria"]
[WhiteTeamCountry "AUT"]
[BlackTeamCountry "AUT"]

1. Nf3 f5 2. d4 Nf6 3. g3 g6 4. Bg2 Bg7 5. 0-0 0-0 6. b3 Ne4 7. c4 c5 8. Bb2 Nc6 9. e3 Qa5 10. Qe2 d6 11. dxc5 Qxc5 12. Bxg7 Kxg7 13. Qb2+ e5 14. Rd1 Be6 15. Nc3 Nxc3 16. Qxc3 h6 17. Rd2 Rad8 18. Rad1 b5 19. Ne1 bxc4 20. Bxc6 Qxc6 21. Rxd6 Rxd6 22. Qxe5+ Rf6 23. Rxd6 Qc8 24. bxc4 Qxc4 25. Nd3 Qxa2 26. Nc5 Kf7 27. Ra6 Qb1+ 28. Kg2 f4 29. Rxa7+ Kg8 30. Qxf6 Bd5+ 31. e4 Bxe4+ 32. Nxe4 Qxe4+ 33. Kh3 1-0

[Event "Steyr Landesliga 1415"]
[Site "Austria"]
[Date "2015.02.07"]
[Round "7.6"]
[White "Ebner, Hubert"]
[Black "Kolm, Robert"]
[Result "1/2-1/2"]
[WhiteElo "2235"]
[BlackElo "1942"]
[PlyCount "83"]
[EventDate "2014.09.27"]
[EventType "team-tourn"]
[EventRounds "11"]
[EventCountry "AUT"]
[SourceTitle "EXT 2016"]
[Source "ChessBase"]
[SourceDate "2015.10.08"]
[SourceVersion "1"]
[SourceVersionDate "2015.10.08"]
[SourceQuality "1"]
[WhiteTeam "Graz Austria"]
[BlackTeam "Graz Schachamazonen"]
[WhiteTeamCountry "AUT"]
[BlackTeamCountry "AUT"]

1. Nf3 c5 2. c4 Nf6 3. Nc3 b6 4. g3 Bb7 5. Bg2 e6 6. 0-0 Be7 7. d4 cxd4 8. Qxd4 d6 9. Rd1 a6 10. b3 Nbd7 11. e4 Qc7 12. Ba3 Nc5 13. e5 dxe5 14. Qxe5 Qxe5 15. Nxe5 Bxg2 16. Kxg2 Rc8 17. Bxc5 Bxc5 18. Na4 Ke7 19. Rac1 Rc7 20. Rc2 Rhc8 21. Rcd2 b5 22. Nxc5 Rxc5 23. Nd7 R5c7 24. Nxf6 Kxf6 25. cxb5 axb5 26. Rd4 Rc2 27. R1d2 g5 28. h3 h5 29. Rxc2 Rxc2 30. Rb4 Rxa2 31. Rxb5 Rb2 32. Kf3 g4+ 33. hxg4 hxg4+ 34. Ke3 Kg6 35. Rb6 Kf5 36. Rb8 e5 37. Rb6 f6 38. Rb8 Ra2 39. Rc8 Rb2 40. Rb8 Ra2 41. Rc8 Rb2 42. Rb8 1/2-1/2

[Event "Steyr Landesliga 1415"]
[Site "Austria"]
[Date "2015.01.24"]
[Round "6.7"]
[White "Ebner, Hubert"]
[Black "Hadl, Johann"]
[Result "1-0"]
[WhiteElo "2235"]
[BlackElo "1883"]
[PlyCount "98"]
[EventDate "2014.09.27"]
[EventType "team-tourn"]
[EventRounds "11"]
[EventCountry "AUT"]
[SourceTitle "EXT 2016"]
[Source "ChessBase"]
[SourceDate "2015.10.08"]
[SourceVersion "1"]
[SourceVersionDate "2015.10.08"]
[SourceQuality "1"]
[WhiteTeam "Graz Austria"]
[BlackTeam "Fuerstenfeld/Hartberg"]
[WhiteTeamCountry "AUT"]
[BlackTeamCountry "AUT"]

1. d4 Nf6 2. c4 c5 3. d5 e6 4. Nc3 exd5 5. cxd5 d6 6. e4 g6 7. f3 Bg7 8. Bg5 a6 9. a4 0-0 10. Nge2 Nbd7 11. Ng3 Re8 12. Be2 Qc7 13. Qd2 Kh8 14. 0-0 Ng8 15. Kh1 Ne5 16. h3 f6 17. Be3 b6 18. Rfc1 Qd8 19. Rab1 a5 20. Bb5 Bd7 21. f4 Nf7 22. Bd3 Qc8 23. Rf1 Rf8 24. Rbe1 Ra7 25. Qe2 Ngh6 26. Nb5 Ra8 27. Qd2 Ng8 28. Nc3 Rb8 29. b3 Qc7 30. Nb5 Qc8 31. Kh2 Qd8 32. Na3 Be8 33. Qe2 Rb7 34. Nb1 Qc7 35. Nd2 Qd8 36. Ba6 Ra7 37. Bc4 Rb7 38. Nb1 Re7 39. Qd2 Rb7 40. Na3 Re7 41. Qd3 Qb8 42. Bd2 Bd7 43. Bc3 Ngh6 44. Nb1 Rfe8 45. Bb5 Qc7 46. Na3 Kg8 47. Qc2 Nd8 48. Qb2 Nhf7 49. Bxf6 Bxb5 1-0

[Event "AUT-chT2M 1314"]
[Site "Austria"]
[Date "2014.04.06"]
[Round "11.5"]
[White "Humer, Wolfgang"]
[Black "Ebner, Hubert"]
[Result "1-0"]
[WhiteElo "2279"]
[BlackElo "2208"]
[PlyCount "103"]
[EventDate "2013.10.04"]
[EventType "team-tourn"]
[EventRounds "11"]
[EventCountry "AUT"]
[SourceTitle "EXT 2015"]
[Source "ChessBase"]
[SourceDate "2014.11.20"]
[SourceVersion "1"]
[SourceVersionDate "2014.11.20"]
[SourceQuality "1"]
[WhiteTeam "Grieskirchen/Sedda"]
[BlackTeam "Graz Austria"]
[WhiteTeamCountry "AUT"]
[BlackTeamCountry "AUT"]

1. g3 c5 2. Bg2 g6 3. e4 Bg7 4. Ne2 Nc6 5. 0-0 d6 6. c3 e5 7. Na3 Nge7 8. Nc2 0-0 9. d4 cxd4 10. cxd4 exd4 11. Nexd4 Nxd4 12. Nxd4 d5 13. Bf4 dxe4 14. Nb5 Qxd1 15. Raxd1 Bg4 16. Rd2 Rfd8 17. Nd6 Bf3 18. b3 Rd7 19. Nxe4 Rxd2 20. Bxd2 Bxg2 21. Kxg2 h6 22. Rc1 Nd5 23. Nd6 b6 24. Kf3 f5 25. Rc6 Rd8 26. Nc8 Kf7 27. Nd6+ Kg8 28. Nc8 Kf7 29. Ke2 Rd7 30. Rd6 Rxd6 31. Nxd6+ Ke6 32. Nc4 b5 33. Na3 a6 34. Kd3 g5 35. Nc2 Ne7 36. Nb4 a5 37. Na6 b4 38. Kc4 Nd5 39. Nc5+ Ke5 40. f3 Nc7 41. Nb7 g4 42. Bf4+ Ke6 43. Nc5+ Kf7 44. Bxc7 gxf3 45. Nd3 Kg6 46. Bxa5 Kh5 47. Bxb4 f4 48. Nxf4+ Kg4 49. Be1 h5 50. h3+ Kf5 51. Nxh5 Be5 52. Kd5 1-0